Score 0/15 Timer 05:00
4 Plays Today
Hint Answer % Correct
California's largest city and the country's second largestLos Angeles
95.1%
Southern state that contains the mouth of the Mississippi RiverLouisiana
94.3%
Nevada city and the self-proclaimed 'Entertainment Capital of the World'Las Vegas
94.2%
State capital of ArkansasLittle Rock
86.1%
State capital of NebraskaLincoln
85.7%
State capital of MichiganLansing
84.9%
Kentucky's largest city and home to the Kentucky DerbyLouisville
75.9%
The most populous island in the United StatesLong Island
70.6%
Hint Answer % Correct
Massachusetts town that was the site of an early Revolutionary War battleLexington
65.8%
New York village and site of the 1932 and 1980 Winter OlympicsLake Placid
60.2%
Spanish for 'the crosses', this is New Mexico’s second-largest cityLas Cruces
59.3%
Federally owned island in Upper New York Bay and site of a famous landmarkLiberty Island
56.6%
Virginia community home to the Central Intelligence AgencyLangley
53.2%
Texas city on north bank of the Rio GrandeLaredo
46.1%
The sixth-largest Hawaiian island known as the Pineapple IslandLanai
39%
Remove Ads.
Support Sporcle.
Get the best of Sporcle when you Go Orange. This ad-free experience offers more features, more stats, and more fun while also helping to support Sporcle. Thank you for becoming a member.

You're not logged in!

Compare scores with friends on all Sporcle quizzes.
OR
Log In

Show Comments

Extras

Top Quizzes Today


Score Distribution

Your Account Isn't Verified!

In order to create a playlist on Sporcle, you need to verify the email address you used during registration. Go to your Sporcle Settings to finish the process.

Report this User

Report this user for behavior that violates our Community Guidelines.

Details: